000 00658nam a2200241Ia 4500
003 OSt
005 20220918193220.0
006 a|||||r|||| 00| 0
007 ta
008 220917b |||||||| |||| 00| 0 eng d
024 _a72,287
037 _cTextual
040 _aARTS
_cARTS
_beng
041 _2eng
_aeng
082 _aR43, M1
100 _aGrassian Victor
_981257
245 0 _aMoral reasoning
_b ethical theory and some contemporary problems
260 _aNew Jersey
_bPrentice Hall
_c1981
300 _a432p.
_ccm.
650 _aSOCIAL ETHICS
_9763
942 _hR43, M1
_cTEXL
_2CC
999 _c198291
_d198291